[Event "22. Torneo San Viator"]
[Site "Madrid ESP"]
[Date "2014.03.30"]
[Round "2.36"]
[White "Ramos Pinto, Jose Maria"]
[Black "Aranda Perez, Ivan"]
[Result "1-0"]
[WhiteElo "1599"]
[BlackElo "1440"]
[PlyCount "25"]
[EventDate "2014.03.23"]
[EventType "swiss"]
[EventRounds "9"]
[EventCountry "ESP"]
[SourceTitle "Ajedrez en Madrid"]
[Source "lmi"]
[SourceDate "2014.03.23"]
[SourceVersion "1"]
[SourceVersionDate "2014.07.21"]
[SourceQuality "1"]

1. e4 c5 2. Nf3 d6 3. d4 cxd4 4. Nxd4 e6 5. c4 Nf6 6. Nc3 Nc6 7. Be3 Be7 8. Be2
a6 9. Nxc6 bxc6 10. Bf3 O-O 11. Qa4 Nd7 12. Qxc6 Ne5 13. Qxa8 1-0

[Event "22. Torneo San Viator"]
[Site "Madrid ESP"]
[Date "2014.03.30"]
[Round "2.37"]
[White "Del Noval Nemeshazi, Nesztor"]
[Black "Gonzalez Hilla, Antonio"]
[Result "1-0"]
[WhiteElo "1430"]
[BlackElo "1575"]
[PlyCount "31"]
[EventDate "2014.03.23"]
[EventType "swiss"]
[EventRounds "9"]
[EventCountry "ESP"]
[SourceTitle "Ajedrez en Madrid"]
[Source "lmi"]
[SourceDate "2014.03.23"]
[SourceVersion "1"]
[SourceVersionDate "2014.07.21"]
[SourceQuality "1"]

1. e4 c5 2. Nf3 Nc6 3. d4 cxd4 4. Nxd4 g6 5. c4 Bg7 6. Be3 Nf6 7. Nc3 Ng4 8.
Qxg4 Bxd4 9. Bxd4 Nxd4 10. Rd1 e5 11. f4 Qb6 12. Nd5 Nc2+ 13. Ke2 Qxb2 14. Qg5
O-O 15. Qh6 exf4 16. Ne7+ 1-0

[Event "22. Torneo San Viator"]
[Site "Madrid ESP"]
[Date "2014.03.30"]
[Round "2.38"]
[White "Vega De Alba, Miguel"]
[Black "Del Noval Perez, Jeronimo"]
[Result "1-0"]
[WhiteElo "1582"]
[BlackElo "1413"]
[PlyCount "63"]
[EventDate "2014.03.23"]
[EventType "swiss"]
[EventRounds "9"]
[EventCountry "ESP"]
[SourceTitle "Ajedrez en Madrid"]
[Source "lmi"]
[SourceDate "2014.03.23"]
[SourceVersion "1"]
[SourceVersionDate "2014.07.21"]
[SourceQuality "1"]

1. d4 Nf6 2. c4 g6 3. Nc3 Bg7 4. e4 d6 5. Nf3 O-O 6. Be2 c5 7. d5 e6 8. O-O
exd5 9. exd5 Re8 10. Bd3 Nbd7 11. Bd2 Nb6 12. h3 Bd7 13. Qb3 Qc8 14. Bf4 Bxh3
15. gxh3 Qxh3 16. Qd1 Qg4+ 17. Bg3 h5 18. Nh2 Qg5 19. Qc1 Qxc1 20. Raxc1 Rad8
21. Nb5 Nc8 22. Rfe1 a6 23. Na3 Nxd5 24. Rxe8+ Rxe8 25. cxd5 Bxb2 26. Rb1 Bxa3
27. Rxb7 Ne7 28. Bxa6 Kf8 29. Bxd6 f5 30. Bb5 Ra8 31. Rxe7 Kg8 32. Re8+ 1-0

[Event "22. Torneo San Viator"]
[Site "Madrid ESP"]
[Date "2014.03.30"]
[Round "2.39"]
[White "Simarro Cabrera, Jorge"]
[Black "Barragan Arriaza, Pablo"]
[Result "0-1"]
[WhiteElo "1581"]
[BlackElo "1361"]
[PlyCount "56"]
[EventDate "2014.03.23"]
[EventType "swiss"]
[EventRounds "9"]
[EventCountry "ESP"]
[SourceTitle "Ajedrez en Madrid"]
[Source "lmi"]
[SourceDate "2014.03.23"]
[SourceVersion "1"]
[SourceVersionDate "2014.07.21"]
[SourceQuality "1"]

1. e4 d6 2. d4 Nf6 3. Nc3 g6 4. Nf3 Bg7 5. Be2 O-O 6. O-O Nbd7 7. h3 e5 8. dxe5
Nxe5 9. Nxe5 dxe5 10. Bd3 Be6 11. Bg5 Re8 12. Re1 b6 13. Bh4 c5 14. Bb5 Rf8 15.
Bc6 Rc8 16. Bb5 Qd4 17. Qxd4 exd4 18. Ne2 Nxe4 19. Nf4 Nd6 20. Ba6 Rce8 21.
Nxe6 Rxe6 22. Rxe6 fxe6 23. Be2 e5 24. c3 dxc3 25. bxc3 Ne4 26. Re1 Nxc3 27.
Bc4+ Kh8 28. Bg3 e4 0-1

[Event "22. Torneo San Viator"]
[Site "Madrid ESP"]
[Date "2014.03.30"]
[Round "2.40"]
[White "Olias Ruiz, Enrique"]
[Black "Alonso Ibanez, Jose"]
[Result "0-1"]
[WhiteElo "1209"]
[BlackElo "1572"]
[PlyCount "89"]
[EventDate "2014.03.23"]
[EventType "swiss"]
[EventRounds "9"]
[EventCountry "ESP"]
[SourceTitle "Ajedrez en Madrid"]
[Source "lmi"]
[SourceDate "2014.03.23"]
[SourceVersion "1"]
[SourceVersionDate "2014.07.21"]
[SourceQuality "1"]

1. e4 e5 2. Nf3 Nc6 3. a3 Nf6 4. Nc3 d6 5. b4 Bg4 6. Bc4 Nd4 7. d3 Nxf3+ 8.
gxf3 Bh5 9. Bg5 Be7 10. Qd2 Bxf3 11. Rg1 Qd7 12. Qe3 Bh5 13. f3 h6 14. h4 hxg5
15. hxg5 Nh7 16. Rh1 Bxg5 17. Qg1 Bxf3 18. Rh2 Qg4 19. Qxg4 Bxg4 20. Kf2 Be6
21. Rg1 Bh6 22. Nd5 O-O-O 23. Ne7+ Kd7 24. Nf5 Bxf5 25. exf5 Ke7 26. Kf3 Nf6
27. Re2 Bf4 28. Rxg7 Rdf8 29. d4 Rhg8 30. Rgg2 Rxg2 31. Kxg2 Rg8+ 32. Kf3 Rg3+
33. Kf2 Ng4+ 34. Kf1 Ne3+ 35. Ke1 Nxc4 36. dxe5 Bxe5 37. a4 Re3 38. Kf1 Rxe2
39. Kxe2 Kf6 40. Kd3 Nb2+ 41. Ke4 Nxa4 42. c4 Nb2 43. Kd5 c6+ 44. Ke4 Nxc4 45.
Kd3 0-1

[Event "22. Torneo San Viator"]
[Site "Madrid ESP"]
[Date "2014.03.30"]
[Round "2.42"]
[White "Andalon Gomez, Carlos J"]
[Black "Padin Lazaro, Jose Manuel"]
[Result "1-0"]
[WhiteElo "2000"]
[BlackElo "1862"]
[PlyCount "121"]
[EventDate "2014.03.23"]
[EventType "swiss"]
[EventRounds "9"]
[EventCountry "ESP"]
[SourceTitle "Ajedrez en Madrid"]
[Source "lmi"]
[SourceDate "2014.03.23"]
[SourceVersion "1"]
[SourceVersionDate "2014.07.21"]
[SourceQuality "1"]

1. d4 d5 2. c4 e6 3. Nc3 c5 4. cxd5 exd5 5. Nf3 Nc6 6. g3 Nf6 7. Bg2 Be7 8. O-O
O-O 9. Bf4 c4 10. Ne5 Be6 11. e3 h6 12. h4 Rc8 13. Qe2 Qa5 14. Rfd1 Rfd8 15.
Qd2 Kf8 16. Qe2 Bb4 17. Rac1 Bxc3 18. bxc3 Nxe5 19. dxe5 Ne4 20. Bxe4 dxe4 21.
Rd4 Rxd4 22. exd4 Qd5 23. Rb1 b5 24. Re1 Qd7 25. Qe3 Bd5 26. Kh2 Qg4 27. Qe2
Qxe2 28. Rxe2 h5 29. Rb2 Rb8 30. e6 Rb6 31. exf7 Kxf7 32. g4 g6 33. Kg3 a6 34.
Be5 hxg4 35. Kxg4 Rb7 36. Rb1 Re7 37. Kf4 Rb7 38. a3 Re7 39. Rh1 Rb7 40. h5
gxh5 41. Rxh5 Kg6 42. Rg5+ Kh6 43. Bg7+ Rxg7 44. Rxd5 Rf7+ 45. Rf5 Rb7 46. Rf6+
Kg7 47. Rxa6 Rf7+ 48. Kxe4 Rxf2 49. a4 Rc2 50. axb5 Rxc3 51. d5 Rb3 52. Rb6 Kf7
53. Kd4 c3 54. Kd3 Ke7 55. Kc2 Rb4 56. Kxc3 Rh4 57. Rc6 Kd7 58. b6 Rg4 59. b7
Rg8 60. Kd4 Rb8 61. Rh6 1-0

[Event "22. Torneo San Viator"]
[Site "Madrid ESP"]
[Date "2014.03.30"]
[Round "2.43"]
[White "Sarabia Utrilla, Joaquin"]
[Black "Lopez Munoz, Pedro"]
[Result "1-0"]
[WhiteElo "1778"]
[BlackElo "1699"]
[PlyCount "111"]
[EventDate "2014.03.23"]
[EventType "swiss"]
[EventRounds "9"]
[EventCountry "ESP"]
[SourceTitle "Ajedrez en Madrid"]
[Source "lmi"]
[SourceDate "2014.03.23"]
[SourceVersion "1"]
[SourceVersionDate "2014.07.21"]
[SourceQuality "1"]

1. d4 Nf6 2. c4 c5 3. d5 b5 4. b3 d6 5. Nd2 b4 6. Bb2 g6 7. Ngf3 Bg7 8. e3 Bg4
9. Be2 O-O 10. O-O Nbd7 11. h3 Bxf3 12. Nxf3 Ne4 13. Bxg7 Kxg7 14. Bd3 Nc3 15.
Qc2 a5 16. a4 e5 17. dxe6 fxe6 18. Nd2 d5 19. cxd5 exd5 20. e4 d4 21. Nc4 Qg5
22. Rae1 Ne5 23. Nxe5 Qxe5 24. Qd2 Rf4 25. f3 Raf8 26. Rf2 h5 27. Ref1 h4 28.
Ba6 Ra8 29. Qd3 g5 30. Qc4 Rf6 31. Bb7 Rb8 32. Bd5 Nxd5 33. exd5 Rd8 34. Qxc5
Rxd5 35. Qc8 d3 36. f4 gxf4 37. Qg4+ Qg5 38. Qxg5+ Rxg5 39. Rxf4 Rxf4 40. Rxf4
Rd5 41. Rf1 d2 42. Rd1 Kf6 43. Kf2 Kg5 44. Ke3 Kf5 45. Rxd2 Rc5 46. Rd3 Rc3 47.
Rxc3 bxc3 48. Kd3 Kf4 49. Kxc3 Kg3 50. b4 axb4+ 51. Kxb4 Kxg2 52. a5 Kxh3 53.
a6 Kg3 54. a7 h3 55. a8=Q h2 56. Qh1 1-0

[Event "22. Torneo San Viator"]
[Site "Madrid ESP"]
[Date "2014.03.30"]
[Round "2.44"]
[White "Rodriguez Alonso, Marcos"]
[Black "Garcia Carcedo, Jesus"]
[Result "1-0"]
[WhiteElo "1695"]
[BlackElo "1778"]
[PlyCount "109"]
[EventDate "2014.03.23"]
[EventType "swiss"]
[EventRounds "9"]
[EventCountry "ESP"]
[SourceTitle "Ajedrez en Madrid"]
[Source "lmi"]
[SourceDate "2014.03.23"]
[SourceVersion "1"]
[SourceVersionDate "2014.07.21"]
[SourceQuality "1"]

1. e4 e6 2. d4 d5 3. exd5 exd5 4. Bd3 Nf6 5. Ne2 Bd6 6. Bf4 O-O 7. O-O c6 8. h3
Qc7 9. Bxd6 Qxd6 10. Ng3 b6 11. Nd2 Ba6 12. Bxa6 Nxa6 13. Re1 Rfe8 14. c3 Nc7
15. Qc2 Rxe1+ 16. Rxe1 Re8 17. Rxe8+ Ncxe8 18. Nf3 Qe6 19. Ne5 Nd7 20. Nf3 Nef6
21. Kf1 h6 22. Qe2 b5 23. Qxe6 fxe6 24. Ne2 c5 25. Nf4 Kf7 26. Nd3 c4 27. Nfe5+
Nxe5 28. Nxe5+ Ke8 29. Nc6 a6 30. Nb8 a5 31. Nc6 a4 32. Na7 Kd7 33. Nxb5 Kc6
34. Na3 Kd6 35. Nc2 e5 36. dxe5+ Kxe5 37. Nd4 Ke4 38. Ke2 Nd7 39. f3+ Kf4 40.
Kf2 Nc5 41. g3+ Kg5 42. h4+ Kf6 43. Ke3 g5 44. hxg5+ hxg5 45. f4 gxf4+ 46. gxf4
Nd3 47. b3 axb3 48. axb3 Nb2 49. b4 Na4 50. b5 Nb6 51. Ne2 Ke6 52. Kd4 Kd6 53.
f5 Nd7 54. Nf4 Nf6 55. b6 1-0

[Event "22. Torneo San Viator"]
[Site "Madrid ESP"]
[Date "2014.03.30"]
[Round "2.45"]
[White "Mateos Cordero, Francisco"]
[Black "Bustos Bernardo, Samuel"]
[Result "0-1"]
[WhiteElo "1597"]
[BlackElo "1777"]
[PlyCount "62"]
[EventDate "2014.03.23"]
[EventType "swiss"]
[EventRounds "9"]
[EventCountry "ESP"]
[SourceTitle "Ajedrez en Madrid"]
[Source "lmi"]
[SourceDate "2014.03.23"]
[SourceVersion "1"]
[SourceVersionDate "2014.07.21"]
[SourceQuality "1"]

1. d4 d5 2. Nf3 Nf6 3. c4 e6 4. Nc3 Be7 5. e3 O-O 6. Be2 c5 7. cxd5 exd5 8. O-O
Nc6 9. dxc5 Bxc5 10. a3 a5 11. Qc2 Re8 12. Rd1 Bf8 13. Nd4 Bd7 14. Bf3 Qb6 15.
Bxd5 Nxd4 16. exd4 Nxd5 17. Nxd5 Qxd4 18. Bf4 Qe4 19. Qxe4 Rxe4 20. Nb6 Rae8
21. Be3 Bc6 22. h3 f5 23. Nd5 R8e5 24. Nc3 Rc4 25. Rd4 Rxd4 26. Bxd4 Re6 27.
Rd1 Rg6 28. g3 f4 29. Be5 fxg3 30. Bxg3 Bc5 31. Nd5 Rxg3+ 0-1

[Event "22. Torneo San Viator"]
[Site "Madrid ESP"]
[Date "2014.03.30"]
[Round "2.47"]
[White "Sierra Bermejo, Gregorio"]
[Black "Sirera Ripoll, Jose"]
[Result "0-1"]
[WhiteElo "1661"]
[BlackElo "1750"]
[PlyCount "52"]
[EventDate "2014.03.23"]
[EventType "swiss"]
[EventRounds "9"]
[EventCountry "ESP"]
[SourceTitle "Ajedrez en Madrid"]
[Source "lmi"]
[SourceDate "2014.03.23"]
[SourceVersion "1"]
[SourceVersionDate "2014.07.21"]
[SourceQuality "1"]

1. e4 c5 2. Nf3 d6 3. d4 cxd4 4. Nxd4 Nf6 5. Nc3 g6 6. g3 Bg7 7. Bg2 O-O 8. O-O
Nc6 9. Nxc6 bxc6 10. e5 dxe5 11. Qxd8 Rxd8 12. Bxc6 Rb8 13. Re1 Ne8 14. Rb1 Bf5
15. Be4 Nd6 16. Bxf5 Nxf5 17. Ne2 Nd6 18. b3 f5 19. c4 Nxc4 20. Bg5 Nd2 21.
Bxd2 Rxd2 22. Nc1 e4 23. a4 Rc8 24. Ne2 Rcc2 25. Kf1 Rb2 26. b4 Rxe2 0-1

[Event "22. Torneo San Viator"]
[Site "Madrid ESP"]
[Date "2014.03.30"]
[Round "2.48"]
[White "Perez Puebla, Fernando"]
[Black "Algaba Traspuesto, Jose Antoni"]
[Result "0-1"]
[WhiteElo "1575"]
[BlackElo "1747"]
[PlyCount "79"]
[EventDate "2014.03.23"]
[EventType "swiss"]
[EventRounds "9"]
[EventCountry "ESP"]
[SourceTitle "Ajedrez en Madrid"]
[Source "lmi"]
[SourceDate "2014.03.23"]
[SourceVersion "1"]
[SourceVersionDate "2014.07.21"]
[SourceQuality "1"]

1. d4 Nf6 2. c4 g6 3. Nc3 d5 4. cxd5 Nxd5 5. e4 Nxc3 6. bxc3 Bg7 7. Rb1 c5 8.
Nf3 cxd4 9. cxd4 Qa5+ 10. Qd2 Qxd2+ 11. Bxd2 O-O 12. Be2 b6 13. O-O Bg4 14. d5
Nd7 15. h3 Bxf3 16. Bxf3 Rfc8 17. Rfc1 Ne5 18. Be2 Kf8 19. f4 Nd7 20. e5 Nc5
21. Bf3 Nd3 22. Rxc8+ Rxc8 23. Be2 Rc2 24. Bxd3 Rxd2 25. Rc1 Bh6 26. Rc8+ Kg7
27. Bc4 Bxf4 28. e6 fxe6 29. dxe6 Rc2 30. Re8 Rxc4 31. Rxe7+ Kf6 32. Rxa7 Rc7
33. Ra6 Be3+ 34. Kf1 Kxe6 35. Ra4 Bc5 36. g4 Rf7+ 37. Ke2 Rf2+ 38. Kd1 Rf3 39.
h4 Rd3+ 40. Kc2 0-1

[Event "22. Torneo San Viator"]
[Site "Madrid ESP"]
[Date "2014.03.30"]
[Round "2.49"]
[White "Moreno Sanchez, Guillermo"]
[Black "Sanchez Rodenas, Jose Antonio"]
[Result "0-1"]
[WhiteElo "1620"]
[BlackElo "1738"]
[PlyCount "79"]
[EventDate "2014.03.23"]
[EventType "swiss"]
[EventRounds "9"]
[EventCountry "ESP"]
[SourceTitle "Ajedrez en Madrid"]
[Source "lmi"]
[SourceDate "2014.03.23"]
[SourceVersion "1"]
[SourceVersionDate "2014.07.21"]
[SourceQuality "1"]

1. d4 Nf6 2. c4 g6 3. Nc3 d5 4. cxd5 Nxd5 5. Nf3 Bg7 6. e3 O-O 7. Bc4 Nxc3 8.
bxc3 c5 9. O-O cxd4 10. cxd4 Nc6 11. Ba3 Bg4 12. h3 Bd7 13. Ng5 Qa5 14. Qb3
Qxg5 15. f4 Qa5 16. Rad1 Qc7 17. Qc2 Rac8 18. Rc1 Qd8 19. Qd2 Re8 20. Rb1 Na5
21. Bd3 b6 22. Ba6 Rc7 23. Rbc1 Bf8 24. Bb2 Qb8 25. d5 Rxc1 26. Rxc1 Bg7 27.
Ba3 Nb7 28. e4 Nc5 29. Bxc5 bxc5 30. e5 Qb6 31. Bc4 Rb8 32. Kh2 Kf8 33. Rc2 Qb4
34. Rc3 Rb6 35. Bb3 g5 36. g3 gxf4 37. gxf4 Bh6 38. Qd3 Qxf4+ 39. Kh1 Bf5 40.
Qf3 0-1

[Event "22. Torneo San Viator"]
[Site "Madrid ESP"]
[Date "2014.03.30"]
[Round "2.50"]
[White "Hernandez Herrera, Rodolfo"]
[Black "Gallego Romero, Manuel"]
[Result "1-0"]
[WhiteElo "1348"]
[BlackElo "1531"]
[PlyCount "83"]
[EventDate "2014.03.23"]
[EventType "swiss"]
[EventRounds "9"]
[EventCountry "ESP"]
[SourceTitle "Ajedrez en Madrid"]
[Source "lmi"]
[SourceDate "2014.03.23"]
[SourceVersion "1"]
[SourceVersionDate "2014.07.21"]
[SourceQuality "1"]

1. c4 e5 2. g3 Bc5 3. Bg2 Nf6 4. Nc3 c6 5. e4 a6 6. d3 h6 7. Nge2 d6 8. O-O Bg4
9. h3 Be6 10. Kh2 Nbd7 11. b3 Nf8 12. f4 N8h7 13. f5 Bd7 14. d4 Ba7 15. d5 Qe7
16. a4 O-O-O 17. a5 Rdg8 18. g4 Ne8 19. Na4 Qh4 20. Nb6+ Bxb6 21. axb6 g6 22.
Ng3 gxf5 23. Nxf5 Bxf5 24. Rxf5 Nhf6 25. Qf3 Nxg4+ 26. Kg1 Ngf6 27. Be3 Rg3 28.
Qf2 Rhg8 29. Kf1 Nxe4 30. Qe1 Qe7 31. Bxe4 Rxh3 32. dxc6 d5 33. cxb7+ Qxb7 34.
Bxd5 Qd7 35. b7+ Kb8 36. Rxf7 Qg4 37. Ba7+ Kxa7 38. b8=Q+ Kxb8 39. Qb4+ Kc8 40.
Bb7+ Kd8 41. Qa5+ Nc7 42. Qxc7+ 1-0

[Event "22. Torneo San Viator"]
[Site "Madrid ESP"]
[Date "2014.03.30"]
[Round "2.51"]
[White "Cuerda Montagud, Tomas"]
[Black "Porris Rebollar, Ivan"]
[Result "1/2-1/2"]
[WhiteElo "1342"]
[BlackElo "1529"]
[PlyCount "71"]
[EventDate "2014.03.23"]
[EventType "swiss"]
[EventRounds "9"]
[EventCountry "ESP"]
[SourceTitle "Ajedrez en Madrid"]
[Source "lmi"]
[SourceDate "2014.03.23"]
[SourceVersion "1"]
[SourceVersionDate "2014.07.21"]
[SourceQuality "1"]

1. e4 c5 2. Nf3 Nc6 3. d4 cxd4 4. Nxd4 Nf6 5. Nxc6 bxc6 6. Nc3 e5 7. f4 Bb4 8.
fxe5 Bxc3+ 9. bxc3 Nxe4 10. Qg4 Qa5 11. Qxe4 Qxc3+ 12. Kd1 Qxa1 13. Bc4 O-O 14.
Kd2 Re8 15. Qf4 d5 16. exd6 Be6 17. Rf1 Rf8 18. c3 Qb1 19. Ba3 Qg6 20. Bd3
Qxg2+ 21. Rf2 Qd5 22. Qh4 h6 23. d7 Qxa2+ 24. Ke3 Qxa3 25. Qg3 Bxd7 26. Rg2
Qxc3 27. Qf3 Rfe8+ 28. Kf2 Rab8 29. Bh7+ Kxh7 30. Qxc3 f6 31. Qd3+ Kh8 32. Qxd7
Rb2+ 33. Kf3 Rb3+ 34. Kf2 Rb2+ 35. Kf3 Rb3+ 36. Kf2 1/2-1/2

[Event "22. Torneo San Viator"]
[Site "Madrid ESP"]
[Date "2014.03.30"]
[Round "2.52"]
[White "Del Noval Nemeshazi, Mario"]
[Black "Santos Valdivia, Victor Manuel"]
[Result "1/2-1/2"]
[WhiteElo "1317"]
[BlackElo "1512"]
[PlyCount "34"]
[EventDate "2014.03.23"]
[EventType "swiss"]
[EventRounds "9"]
[EventCountry "ESP"]
[SourceTitle "Ajedrez en Madrid"]
[Source "lmi"]
[SourceDate "2014.03.23"]
[SourceVersion "1"]
[SourceVersionDate "2014.07.21"]
[SourceQuality "1"]

1. d4 d5 2. c4 c6 3. Nc3 Nf6 4. Bg5 e6 5. e4 Be7 6. e5 Nfd7 7. Bxe7 Qxe7 8. Nf3
b6 9. Bd3 f6 10. Qc2 f5 11. O-O Bb7 12. Rfe1 Na6 13. a3 Nc7 14. cxd5 cxd5 15.
Rac1 Rc8 16. h3 O-O 17. Qa4 a6 1/2-1/2

[Event "22. Torneo San Viator"]
[Site "Madrid ESP"]
[Date "2014.03.30"]
[Round "2.53"]
[White "Apaza, Gabriela Erica"]
[Black "Ortega Palacios, Alejandro"]
[Result "1-0"]
[WhiteElo "1206"]
[BlackElo "1467"]
[PlyCount "84"]
[EventDate "2014.03.23"]
[EventType "swiss"]
[EventRounds "9"]
[EventCountry "ESP"]
[SourceTitle "Ajedrez en Madrid"]
[Source "lmi"]
[SourceDate "2014.03.23"]
[SourceVersion "1"]
[SourceVersionDate "2014.07.21"]
[SourceQuality "1"]

1. d4 d5 2. Nf3 Nf6 3. e3 e6 4. Be2 Be7 5. O-O b6 6. c3 Ba6 7. Bxa6 Nxa6 8.
Qa4+ Qd7 9. Qxa6 h5 10. Qe2 Ne4 11. Nbd2 Nxd2 12. Bxd2 g5 13. Rfd1 f6 14. e4
O-O-O 15. exd5 Qxd5 16. Re1 g4 17. Nh4 e5 18. Ng6 Rhe8 19. Nxe7+ Rxe7 20. Qe4
Qxe4 21. Rxe4 Rg8 22. dxe5 f5 23. Ree1 h4 24. Bf4 g3 25. f3 gxh2+ 26. Kxh2 Reg7
27. Rg1 Kd7 28. Rad1+ Ke6 29. b4 a6 30. a4 b5 31. a5 Ke7 32. Rde1 Ke6 33. Rc1
Kd5 34. g3 Rh7 35. g4 fxg4 36. Rxg4 Rxg4 37. fxg4 Ke4 38. Bg5 Kxe5 39. Kh3 Ke4
40. Bxh4 Kf4 41. Rf1+ Ke5 42. g5 Rg7 1-0

[Event "22. Torneo San Viator"]
[Site "Madrid ESP"]
[Date "2014.03.30"]
[Round "2.59"]
[White "Gonzalez Reyes, Felix"]
[Black "Diaz Del Prado, Carlos"]
[Result "1-0"]
[WhiteElo "1561"]
[BlackElo "1224"]
[PlyCount "89"]
[EventDate "2014.03.23"]
[EventType "swiss"]
[EventRounds "9"]
[EventCountry "ESP"]
[SourceTitle "Ajedrez en Madrid"]
[Source "lmi"]
[SourceDate "2014.03.23"]
[SourceVersion "1"]
[SourceVersionDate "2014.07.21"]
[SourceQuality "1"]

1. Nf3 Nf6 2. d4 g6 3. c4 d6 4. Nc3 Bg7 5. e3 O-O 6. Be2 c5 7. d5 e5 8. e4 Qa5
9. Bd2 Qc7 10. O-O Bd7 11. Qc1 a6 12. a4 Bg4 13. h3 Bxf3 14. Bxf3 Nbd7 15. Bh6
Nb6 16. Bxg7 Kxg7 17. Be2 Rad8 18. Re1 Rfe8 19. Qc2 Nbd7 20. Nd1 Qa5 21. Qc3
Qxc3 22. Nxc3 Re7 23. a5 Rf8 24. Rab1 Ne8 25. b4 cxb4 26. Rxb4 Nc5 27. f3 f5
28. Na4 Rf6 29. Nxc5 dxc5 30. Rb3 f4 31. Reb1 Rff7 32. Rb6 Rc7 33. Bd1 Rfd7 34.
Ba4 Rd8 35. Rxb7 Rxb7 36. Rxb7+ Kh6 37. Bxe8 Rxe8 38. Rb6 Kg5 39. Rxa6 Rb8 40.
Rb6 Ra8 41. a6 h5 42. Kf2 Ra7 43. Rc6 h4 44. Ke2 Rd7 45. Rxc5 1-0

[Event "22. Torneo San Viator"]
[Site "Madrid ESP"]
[Date "2014.03.30"]
[Round "2.61"]
[White "Blanco Diez, David"]
[Black "Trapero Bueno, Vicente"]
[Result "1/2-1/2"]
[WhiteElo "1455"]
[BlackElo "1188"]
[PlyCount "63"]
[EventDate "2014.03.23"]
[EventType "swiss"]
[EventRounds "9"]
[EventCountry "ESP"]
[SourceTitle "Ajedrez en Madrid"]
[Source "lmi"]
[SourceDate "2014.03.23"]
[SourceVersion "1"]
[SourceVersionDate "2014.07.21"]
[SourceQuality "1"]

1. d4 d5 2. c4 c6 3. Nf3 Nf6 4. Nc3 dxc4 5. a4 Bf5 6. e3 e6 7. Bxc4 Bb4 8. O-O
O-O 9. Bd2 h6 10. h3 Nbd7 11. Re1 Qc7 12. Rc1 a5 13. Bb3 Bxc3 14. Bxc3 Ne4 15.
Qe2 Ndf6 16. Ne5 Nxc3 17. Rxc3 Rad8 18. f3 Qb6 19. Rd1 Nd7 20. Nc4 Qa6 21. Bc2
b5 22. Nd6 Bxc2 23. Rxc2 Rb8 24. Rdc1 Rb6 25. Rc3 Nf6 26. Qc2 Rd8 27. Ne4 Nxe4
28. Qxe4 Rd5 29. Qc2 Rd6 30. Rc5 b4 31. b3 g6 32. Kf2 1/2-1/2

[Event "22. Torneo San Viator"]
[Site "Madrid ESP"]
[Date "2014.04.06"]
[Round "3.1"]
[White "Elissalt Cardenas, Hector"]
[Black "Gutierrez Lopez, Carlos"]
[Result "1-0"]
[WhiteElo "2369"]
[BlackElo "2115"]
[PlyCount "127"]
[EventDate "2014.03.23"]
[EventType "swiss"]
[EventRounds "9"]
[EventCountry "ESP"]
[SourceTitle "Ajedrez en Madrid"]
[Source "lmi"]
[SourceDate "2014.03.23"]
[SourceVersion "1"]
[SourceVersionDate "2014.07.21"]
[SourceQuality "1"]

1. c4 c5 2. Nf3 Nf6 3. g3 b6 4. Bg2 Bb7 5. O-O e6 6. Nc3 Be7 7. d4 cxd4 8. Qxd4
d6 9. b3 Nbd7 10. Bb2 a6 11. Ng5 Bxg2 12. Kxg2 Qc7 13. Rfd1 Rd8 14. Rac1 h6 15.
Nge4 Nc5 16. f3 O-O 17. Nf2 Rfe8 18. Ng4 Qb7 19. b4 Ncd7 20. Ne4 d5 21. cxd5
exd5 22. Nexf6+ Nxf6 23. Rc2 h5 24. Ne3 Bf8 25. Nf5 Qd7 26. Qf4 Qe6 27. Rdd2
Rc8 28. a3 Rc4 29. Qg5 Rec8 30. Bxf6 Qxf6 31. Qxf6 gxf6 32. Ra2 Rd8 33. Ne3 Rc6
34. Nxd5 Re8 35. Rac2 Rd6 36. Nc7 Rc8 37. Nxa6 Ra8 38. b5 Rxd2 39. Rxd2 Bxa3
40. Rd5 h4 41. gxh4 Rc8 42. Rd3 Bf8 43. Kf2 Rc4 44. Kg3 Rc2 45. e4 f5 46. exf5
Bc5 47. f6 Bg1 48. h3 Kh7 49. h5 Kh6 50. h4 Bf2+ 51. Kg4 Be1 52. f4 Rh2 53. Rd7
Rxh4+ 54. Kf3 Rxh5 55. Nc7 Kg6 56. Nd5 Bh4 57. Rd6 Be1 58. Ne7+ Kh7 59. Rxb6
Ba5 60. Rb8 Bc3 61. Rf8 Rxb5 62. Rxf7+ Kh6 63. Kg4 Bb2 64. Ng8+ 1-0

[Event "22. Torneo San Viator"]
[Site "Madrid ESP"]
[Date "2014.04.06"]
[Round "3.2"]
[White "Cervino Rossel, Cristobal"]
[Black "Renteria, Jorge"]
[Result "0-1"]
[WhiteElo "2018"]
[BlackElo "2299"]
[PlyCount "94"]
[EventDate "2014.03.23"]
[EventType "swiss"]
[EventRounds "9"]
[EventCountry "ESP"]
[SourceTitle "Ajedrez en Madrid"]
[Source "lmi"]
[SourceDate "2014.03.23"]
[SourceVersion "1"]
[SourceVersionDate "2014.07.21"]
[SourceQuality "1"]

1. d4 c5 2. d5 e5 3. c4 d6 4. Nc3 g6 5. e4 Bg7 6. Bd3 Ne7 7. Nge2 O-O 8. O-O
Nd7 9. a3 f5 10. f4 a6 11. Ng3 exf4 12. Bxf4 Ne5 13. Bg5 fxe4 14. Ncxe4 h6 15.
Bf6 Bxf6 16. Rxf6 Rxf6 17. Nxf6+ Kg7 18. Nfe4 Bf5 19. Qd2 Bxe4 20. Nxe4 Nf5 21.
Rf1 Qe7 22. Nf2 Nd4 23. Nh3 Rf8 24. Qd1 Rxf1+ 25. Bxf1 Qh4 26. b4 b6 27. bxc5
bxc5 28. Qb1 Nf5 29. Qb7+ Nf7 30. Qb2+ Ne5 31. Qb7+ Kf6 32. Qc8 Qd4+ 33. Kh1
Qa1 34. Qd8+ Kg7 35. Kg1 Qxa3 36. Qc7+ Nf7 37. Qb7 Qe3+ 38. Kh1 Qe1 39. Kg1 Ne3
40. Qb2+ Ne5 41. Qe2 Qxf1+ 42. Qxf1 Nxf1 43. Kxf1 Nxc4 44. Ke2 Nb6 45. Nf4 g5
46. Ne6+ Kf6 47. Nc7 a5 0-1

[Event "22. Torneo San Viator"]
[Site "Madrid ESP"]
[Date "2014.04.06"]
[Round "3.3"]
[White "Bermejo Arruego, Luis"]
[Black "Aziz Ortego, Omar Luis"]
[Result "0-1"]
[WhiteElo "2175"]
[BlackElo "2107"]
[PlyCount "68"]
[EventDate "2014.03.23"]
[EventType "swiss"]
[EventRounds "9"]
[EventCountry "ESP"]
[SourceTitle "Ajedrez en Madrid"]
[Source "lmi"]
[SourceDate "2014.03.23"]
[SourceVersion "1"]
[SourceVersionDate "2014.07.21"]
[SourceQuality "1"]

1. d4 Nf6 2. Nf3 c5 3. c3 e6 4. Bf4 b6 5. e3 Bb7 6. h3 d6 7. Bb5+ Nc6 8. O-O a6
9. Ba4 Qc7 10. c4 O-O-O 11. dxc5 bxc5 12. Nc3 Be7 13. a3 g5 14. Nxg5 Ne5 15.
Qe2 Rhg8 16. e4 Nfd7 17. Bxd7+ Rxd7 18. Bxe5 Bxg5 19. Bh2 Bf6 20. f3 Bd4+ 21.
Kh1 f6 22. Qd2 Rdg7 23. g4 h5 24. Ne2 hxg4 25. Nxd4 cxd4 26. hxg4 e5 27. Qe2
Kb8 28. Rf2 Qc6 29. Re1 a5 30. b3 Qc5 31. a4 Rh8 32. Kg2 f5 33. Bg3 Rhg8 34.
exf5 Rxg4 0-1